Southville International School and Colleges
Your cart is empty.
  • Cart
  • Lists
    Public lists Eva Luna New books Lux_list list_1
    Your lists Log in to create your own lists
  • Log in to your account
  • Your cookies
  • Search history
Southville International School and Colleges
  • Advanced search
  • Recent comments
  • Most popular
  • Libraries

Log in to your account

Log in with GOOGLE


If you do not have an external account, but do have a local account, you can still log in:

  1. Home
  2. MARC view: Go away! Get lost! /
Normal view MARC view ISBD view

Go away! Get lost! / (Record no. 105713)

[ view plain ]
MARC details
000 -LEADER
fixed length control field 00586nam a2200193 a 4500
005 - DATE AND TIME OF LATEST TRANSACTION
control field 20140412111412.0
008 - FIXED-LENGTH DATA ELEMENTS--GENERAL INFORMATION
fixed length control field 070215s19uu xx 00 eng d
020 ## - INTERNATIONAL STANDARD BOOK NUMBER
International Standard Book Number 983-3004-47-4
050 ## - LIBRARY OF CONGRESS CALL NUMBER
Classification number ER
Item number Go1 2005
100 ## - MAIN ENTRY--PERSONAL NAME
Personal name Rathakrishnam, Devi Sudarsani
245 ## - TITLE STATEMENT
Title Go away! Get lost! /
Statement of responsibility, etc Devi Sudarsani Rathakrishnam.
260 ## - PUBLICATION, DISTRIBUTION, ETC. (IMPRINT)
Place of publication, distribution, etc Malaysia :
Name of publisher, distributor, etc Future text publications,
Date of publication, distribution, etc 2005.
300 ## - PHYSICAL DESCRIPTION
Extent 22
440 ## - SERIES STATEMENT/ADDED ENTRY--TITLE
Title Island glades mysteries
500 ## - GENERAL NOTE
General note Proverb-Love your neihbor as yourself
650 ## - SUBJECT ADDED ENTRY--TOPICAL TERM
Topical term or geographic name as entry element Values- Juvenile literature
650 ## - SUBJECT ADDED ENTRY--TOPICAL TERM
Topical term or geographic name as entry element Children stories
Holdings
Withdrawn status Lost status Damaged status Use restrictions Home library Current library Shelving location Date acquired Source of acquisition Total Checkouts Full call number Barcode Date last seen Price effective from Koha item type
        Elizalde Library Elizalde Library Easy Reading Section 02/15/2007     ER Go1 2005 E10555 04/12/2014 04/12/2014 Books

Go away! Get lost! /

APA

Rathakrishnam D. S., . (2005). Go away! Get lost!. Malaysia: Future text publications.

Chicago

Rathakrishnam Devi Sudarsani, . 2005. Go away! Get lost!. Malaysia: Future text publications.

Harvard

Rathakrishnam D. S., . (2005). Go away! Get lost!. Malaysia: Future text publications.

MLA

Rathakrishnam Devi Sudarsani, . Go away! Get lost!. Malaysia: Future text publications. 2005.

  • Place hold
  • Print
  • Cite
  • Add to your cart (remove)
  • Save record
    BIBTEX Dublin Core MARCXML MARC (non-Unicode/MARC-8) MARC (Unicode/UTF-8) MARC (Unicode/UTF-8, Standard) MODS (XML) RIS
  • More searches
    Search for this title in:
    Other Libraries (WorldCat) Other Databases (Google Scholar) Online Stores (Bookfinder.com) Open Library (openlibrary.org)

Exporting to Dublin Core...

SOUTHVILLE LIBRARY

Southville International School and Colleges Library

1281 Tropical Ave. Cor. Luxembourg St., BF Homes International, Las Pinas City

Tel. No. 8256374 / 252358 Loc. 117/146

Powered by Koha